| 000 | 00497nam a2200193 4500 | ||
|---|---|---|---|
| 003 | OSt | ||
| 005 | 20260601193853.0 | ||
| 008 | 260506b |||||||| |||| 00| 0 eng d | ||
| 040 |
_aICI _bspa _cICI |
||
| 050 |
_aNK1510 _b.O46 |
||
| 100 | 1 |
_aItalian Industrial Designers _932590 |
|
| 245 | 1 | _aOMNIBOOK | |
| 264 |
_bMadnus Editzioni _c1985 _aItalia |
||
| 300 | _a240 páginas | ||
| 336 |
_atexto _2rdacontent |
||
| 337 |
_asin medio _2rdamedia |
||
| 338 |
_avolumen _2rdacarrier |
||
| 942 |
_2ddc _cB _n1 |
||
| 999 |
_c21923 _d21923 |
||